| 000 | 00487nam a2200169Ia 4500 | ||
|---|---|---|---|
| 003 | LK-CoDNM | ||
| 005 | 20240316144807.0 | ||
| 008 | 010623t1931 xxu||||| |||| 00| 1 sin d | ||
| 040 |
_aLK-CoDNM _dLK-CoDNM _eLK-CoDNM |
||
| 041 | _asin | ||
| 080 | _a104 HH9 | ||
| 245 | _aබාල දක්ෂිකාවන්ගේ අත්පොත | ||
| 246 | _aA Hand Book for Girl Guides | ||
| 260 |
_bThe Girl Guides Association _aColombo _c1931 |
||
| 300 |
_bDamaged _a92p.,22 cm |
||
| 942 | _cBK | ||
| 999 |
_c95916 _d95916 |
||